| 000 | 00764nam a2200217 4500 | ||
|---|---|---|---|
| 001 | 121565 | ||
| 003 | ES-MaACL | ||
| 005 | 20250815113912.0 | ||
| 007 | t| | ||
| 008 | 070214s1922 sp r ||||1| spa d | ||
| 100 | 1 |
_aPlans y Freire, José María. _992571 |
|
| 245 | 1 | 0 |
_aLecciones de Termodinámica _b: con aplicaciones a los fenómenos químicos / _cpor José Mª Plans y Freire. |
| 250 |
_a2ª ed. _bcon una lección de Físico-Química por Estaban Terradas. |
||
| 260 |
_aMadrid : _bCalpe, _c1922. |
||
| 300 |
_a171 p. ; _c19 cm. |
||
| 490 | 1 | _aBiblioteca de Química (Calpe | |
| 700 | 1 |
_aTerradas, Esteban. _9109767 |
|
| 830 | 0 | 0 |
_aBiblioteca de química (Calpe) _9218757 |
| 852 |
_aES-MaACL _jF-417 _bR.20290 |
||
| 999 |
_c121565 _d121565 |
||